| 000 | 01114cam a22002774a 4500 | ||
|---|---|---|---|
| 999 |
_c126886 _d126886 |
||
| 001 | 12947374 | ||
| 003 | ARRUPE | ||
| 005 | 20170904123402.0 | ||
| 008 | 020927s2002 mau b 101 0 eng | ||
| 010 | _a 2002015971 | ||
| 020 | _a0391041827 (pbk.) | ||
| 020 | _a0391041835 | ||
| 040 |
_aDLC _cDLC _dDLC |
||
| 042 | _apcc | ||
| 050 | 0 | 0 |
_aBT590.J8 _bC445 2002 |
| 082 | 0 | 0 |
_a232.9 _221 |
| 100 | 1 |
_aChilton, Bruce. _920964 |
|
| 245 | 1 | 4 |
_aThe missing Jesus : _brabbinic Judaism and the New Testament / _cby Bruce A. Chilton, Craig Evans & Jacob Neusner. |
| 260 |
_aBoston : _bBrill Academic Publishers, _c2002. |
||
| 300 |
_axv, 175 p. ; _c24 cm. |
||
| 504 | _aIncludes bibliographical references and indexes. | ||
| 600 | 0 | 0 |
_aJesus Christ _xJewishness _vCongresses. _935581 |
| 700 | 1 |
_aEvans, Craig A. _920965 |
|
| 700 | 1 |
_aNeusner, Jacob, _d1932-2016. _935582 |
|
| 906 |
_a7 _bcbc _corignew _d1 _eecip _f20 _gy-gencatlg |
||
| 942 |
_2lcc _cMONOGRAPH |
||